| 000 | 01006nam0a22002771 4500 | ||
|---|---|---|---|
| 001 | rc\3562565 | ||
| 005 | 20250610040316.0 | ||
| 021 |
_aRU _b[76-10846] |
||
| 035 | _a(NLR Aleph) 007678149 | ||
| 090 |
_a6508573 _c6508573 |
||
| 100 | _a20130115d1976 |||y0rusy50 ca | ||
| 101 | 0 | _arus | |
| 102 | _aRU | ||
| 105 | _ay z ||||| | ||
| 200 | 1 |
_aПособия на детей малообеспеченным семьям _fК.В. Проценко, Е.М. Шомов |
|
| 210 |
_aМосква _cЮрид. лит. _d1976 |
||
| 215 |
_a56 с. _d20 |
||
| 225 | 1 | _aНовое в советском законодательстве | |
| 606 |
_aОхрана материнства и детства в СССР _2psbo |
||
| 606 |
_aПенсии и пособия _2psbo |
||
| 700 | 1 |
_aПроценко _bК.В. _gКонстантин Васильевич |
|
| 701 | 1 |
_aШомов _bЕ.М. _gЕвгений Михайлович |
|
| 801 | 0 |
_aRU _bNLR _gpsbo |
|
| 801 | 1 |
_aRU _bELAR _2rusmarc |
|
| 942 | _cBOOK | ||
| 980 | _aNB | ||